Innovative Activity of Slovakia in Comparison with EU Countries

Korelácia medzi multilaterálnymi obchodnými pravidlami a potrebami ochrany životného prostredia. Prístup WTO k riešeniu situácií, keď multilaterálne obchodné pravidlá narážajú na environmentálnu politiku jej členského štátu.

Na minha lista:
Detalhes bibliográficos
Autor principal: Gubová, Klaudia, 1986-
Outros Autores: Richnák, Patrik, 1988-
Formato: Capítulo de Livro
Idioma:inglês
Assuntos:
Tags: Adicionar Tag
Sem tags, seja o primeiro a adicionar uma tag!

MARC

LEADER 00000naa a2200000 4500
001 0221021
005 20240627114649.5
041 0 |a eng 
044 |a CZ 
245 1 0 |a Innovative Activity of Slovakia in Comparison with EU Countries  |c Klaudia Gubová, Patrik Richnák 
520 |a Korelácia medzi multilaterálnymi obchodnými pravidlami a potrebami ochrany životného prostredia. Prístup WTO k riešeniu situácií, keď multilaterálne obchodné pravidlá narážajú na environmentálnu politiku jej členského štátu. 
610 2 0 |a inovácia 
610 2 0 |a pojmy 
610 2 0 |a majetok nehmotný 
610 2 0 |a vedomosti 
610 2 0 |a konkurencieschopnosť 
610 2 0 |a Slovensko 
610 2 0 |a Európska únia 
100 1 |a Gubová, Klaudia, 1986- 
700 1 |a Richnák, Patrik, 1988-